MLB Teams With The Most Attendants Per Game - Statistics

General Stats
  • This quiz has been taken 47 times
  • The average score is 13 of 15
Answer Stats
Attendants MLB Team % Correct
47,769 Los Angeles Dodgers
98%
41,434 New York Yankees
98%
32,503 Boston Red Sox
93%
36,278 Chicago Cubs
90%
34,216 Houston Astros
88%
38,238 Atlanta Braves
85%
41,112 Philadelphia Phillies
85%
33,739 San Francisco Giants
85%
30,382 Los Angeles Angels
83%
30,470 Milwaukee Brewers
83%
30,517 Seattle Mariners
83%
40,209 San Diego Padres
80%
32,887 Texas Rangers
78%
33,513 Toronto Blue Jays
73%
36,607 St. Louis Cardinals
70%
No matching quizzes found
Score Distribution
Percent of People with Each Score
Percentile by Number Answered
Your Score History
You have not taken this quiz